Premier League Multi-Season Goalscorers Quiz Stats

Quiz Updated Nov 21, 2016

Challenge
Share
Tweet
Embed
Score 0/64 Timer 12:00
10 Plays Today
Seasons Player % Correct
21Ryan Giggs
93.1%
16Wayne Rooney
90.2%
18Frank Lampard
90.2%
16Steven Gerrard
89.9%
19Paul Scholes
89.8%
14Alan Shearer
85.1%
17John Terry
82.1%
14Andy Cole
80.3%
12Carlton Cole
78.4%
13Joe Cole
78.3%
17Jermain Defoe
76.9%
14Michael Owen
76.4%
14Peter Crouch
70.4%
16Emile Heskey
70.4%
14Robbie Fowler
69.9%
13Robbie Keane
68.5%
12Roy Keane
68.5%
13Les Ferdinand
66.4%
14Teddy Sheringham
65.1%
14Dwight Yorke
64.8%
11Robin van Persie
63%
13Nicolas Anelka
61.6%
15Gareth Barry
60.1%
16James Milner
60%
15Kevin Davies
54.2%
13Michael Carrick
54%
10Darren Bent
51.3%
11Sol Campbell
51.2%
13Kevin Campbell
50.9%
16Gary Speed
48.1%
11Dennis Bergkamp
48%
12Dion Dublin
47.4%
Seasons Player % Correct
12Craig Bellamy
45.8%
10Emmanuel Adebayor
45%
12Nwankwo Kanu
43.7%
11Kevin Nolan
42.4%
12Louis Saha
42.2%
11Gabriel Agbonlahor
41.3%
13Nicky Butt
40.9%
13Damien Duff
39.5%
10Harry Kewell
38.5%
11Scott Parker
37.4%
11Duncan Ferguson
36.1%
10Mikel Arteta
35.3%
12Danny Murphy
32.3%
13Lee Bowyer
30.5%
12Leon Osman
29.5%
10James Beattie
26.1%
11Nick Barmby
26%
11David Dunn
26%
11Joey Barton
25.9%
11Patrick Vieira
25.3%
11Aaron Lennon
23.9%
10Jason Euell
22.3%
11Shola Ameobi
21.9%
12Trevor Sinclair
20.3%
11Jamie Redknapp
18.1%
10Sami Hyypiä
15.7%
10Gareth Southgate
12.7%
11Darren Anderton
11.6%
12David Unsworth
11.6%
10Kieran Richardson
10.8%
10George Boateng
9.5%
10Graham Stuart
6.1%

You're not logged in!

Compare scores with friends on all Sporcle quizzes.
Sign Up with Email
OR
Log In

You Might Also Like...

Show Comments

Extras

Top Quizzes Today


Score Distribution

Your Account Isn't Verified!

In order to create a playlist on Sporcle, you need to verify the email address you used during registration. Go to your Sporcle Settings to finish the process.